| 000 | 00952nam a22002415a 4500 | ||
|---|---|---|---|
| 003 | OSt | ||
| 005 | 20180308103247.0 | ||
| 008 | 180308s1965 ua grb 001 0 ara d | ||
| 040 |
_aEG-ScBUE _bara _cEG-ScBUE |
||
| 082 | 0 | 4 |
_a892.71 _bي و س _222 |
| 100 | 0 |
_aيوسف _bالثالث، _cملك غرناطة، _d1376-1417. |
|
| 245 | 1 | 0 |
_aديوان ملك غرناطة : _bيوسف الثالث / _cحققه وقدم له ووضع فهارسه عبد الله كنون. |
| 250 | _aط. 2. | ||
| 260 |
_aالقاهرة : _bمكتبة الأنجلو المصرية، _c1965. |
||
| 300 |
_a207 ص. ؛ _c24 سم. |
||
| 500 | _aيشتمل على كشاف. | ||
| 504 | _aيشتمل على إرجاعات ببليوجرافية. | ||
| 650 | 7 |
_aالشعر العربي _zالأندلس _yعصر بنو الأحمر، 1232-1492. _2BUEsh |
|
| 651 | _2BUEsh | ||
| 653 |
_bARALIT _cMarch2018 |
||
| 700 | 1 |
_aكنون، عبد الله، _eمحقق. |
|
| 942 | _2ddc | ||
| 999 |
_c26260 _d26232 |
||